000 00339 a2200157 4500
001 61937
020 _a9780194244121
040 _cAnchieta - Pituba
100 _aWilson, Merinda
240 1 0 _aThe moonstone
_lIng
245 1 0 _aThe moonstone
300 _a76
362 0 _a2006
650 4 _aLiteratura juvenil em inglês
942 _cBK
999 _c61937
_d61937